Click the country based area & population - Europe - Statistics

General Stats
  • This quiz has been taken 64 times
    49 since last reset
  • The average score is 22 of 45
Answers on the Map
Answers color-coded by a green-red scale on the quiz's map according to % correct below.
 
Answer Stats
Answer % Correct
146,1M - 17098k
100%
0,000M - 0,4
79%
19,0M - 238k
79%
68,5M - 643k
79%
84,7M - 357k
79%
0,086M - 468
71%
11,8M - 30,5k
71%
18,0M - 41,8k
71%
37,5M - 312k
71%
48,9M - 505k
71%
5,5M - 386k
71%
0,033M - 61
64%
0,040M - 160
64%
10,5M - 450k
64%
33,4M - 603k
64%
58,9M - 302k
64%
68,2M - 244k
64%
0,038M - 2
57%
9,0M - 41,2k
57%
0,388M - 103k
50%
2,8M - 65,2k
50%
5,6M - 338k
50%
9,1M - 207k
50%
0,542M - 315
43%
1,3M - 45,3k
43%
1,8M - 64,5k
43%
0,623M - 13,8k
36%
10,4M - 131k
36%
10,6M - 92,2k
36%
5,3M - 70,2k
36%
5,9M - 42,9k
36%
6,4M - 110k
36%
9,1M - 83,8k
36%
0,672M - 2,5k
29%
10,8M - 78,8k
29%
1,5M - 10,8k
29%
3,8M - 56,5k
29%
5,4M - 49,0k
29%
6,6M - 88,4k
29%
9,5M - 93,0k
29%
1,8M - 25,7k
21%
2,4M - 33,8k
21%
3,2M - 51,2k
21%
2,1M - 20,2k
14%
2,4M - 28,7k
7%
No matching quizzes found
Score Distribution
Percent of People with Each Score
Percentile by Number Answered
Your Score History
You have not taken this quiz since the last reset